000 00400nam a2200145Ia 4500
008 230411s9999 xx 000 0 und d
020 _a81-7021-480-7
041 _aeng
082 _aOG/618.106/KUL/B02510
100 _aKulkarni Shrikant
_9177437
245 _aGynaecology and Obstetric Therapeutics
260 _bB Jain Publishers
_aNew Delhi
_c1994
300 _a228p
999 _c153694
_d153694